Saloma

Bibliographic Details
Main Author: Ahmad Fauzee Samad , 1952- (Author)
Format: Book
Published: Subang Jaya, Selangor : AF Cendana Publications , [2011]
Subjects:

MARC

LEADER 00000cam a2200000 7i4500
001 0000077430
005 20130120093000.0
008 120801s2011 my
020 |a 9671118405 (hardback : alk. paper) 
020 |a 9789671118405 (hardback : alk. paper) 
050 0 0 |a ML420.S239   |b A36 2011 
090 0 0 |a ML420.S239   |b A36 2011 
100 0 |a Ahmad Fauzee Samad ,   |d 1952- ,   |e author 
245 0 0 |a Saloma   |c Ahmad Fauzee Samad 
260 |a Subang Jaya, Selangor :   |b AF Cendana Publications ,   |c [2011] 
300 |a viii, 504 p. :   |b ill. (chiefly col.) ;   |c 34 cm. 
500 |a Includes index 
500 |a Salmah Ismail 1935-1950 
650 0 |a Singers   |z Malaysia   |v Biography 
650 0 |a Women singers   |z Malaysia   |v Biography 
999 |a 1000150402   |b Book   |c OPEN SHELF (30 DAYS)   |e Gong Badak Campus 
999 |a 1000150403   |b Book   |c OPEN SHELF (30 DAYS)   |e Medical Campus